Brésil : (dés)illusions démocratiques (notice n° 1631511)

détails MARC
000 -LEADER
fixed length control field 01159cam a2200169 4500500
005 - DATE AND TIME OF LATEST TRANSACTION
control field 20260111105858.0
041 ## - LANGUAGE CODE
Language code of text/sound track or separate title fre
042 ## - AUTHENTICATION CODE
Authentication code dc
100 10 - MAIN ENTRY--PERSONAL NAME
Personal name Rovere, Maxime
Relator term author
245 00 - TITLE STATEMENT
Title Brésil : (dés)illusions démocratiques
260 ## - PUBLICATION, DISTRIBUTION, ETC.
Date of publication, distribution, etc. 2019.<br/>
500 ## - GENERAL NOTE
General note 90
520 ## - SUMMARY, ETC.
Summary, etc. Le film délicat et discret de Debra Granik, sur un père et sa fille vivant retirés dans une forêt, éclaire l’Amérique des marges. Il montre, dans une esthétique réaliste et poétique, les rapports de soin pour les êtres proches et la nature, la tentation de la fuite, l’inquiétude, l’émancipation et l’espoir d’une Amérique meilleure.
520 ## - SUMMARY, ETC.
Summary, etc. The delicate and discreet movie by Debra Granik, about a father living with his daughter isolated in a forest, illuminatesAmerica’s margins. In a realistic and poetic style, it shows relationships based on care for relatives and nature, the temptation to escape, the disquiet, the emancipation and the hope for a better America.
786 0# - DATA SOURCE ENTRY
Note Esprit | Mars | 3 | 2019-02-28 | p. 35-39 | 0014-0759
856 41 - ELECTRONIC LOCATION AND ACCESS
Uniform Resource Identifier <a href="https://shs.cairn.info/revue-esprit-2019-3-page-35?lang=fr&redirect-ssocas=7080">https://shs.cairn.info/revue-esprit-2019-3-page-35?lang=fr&redirect-ssocas=7080</a>

Pas d'exemplaire disponible.

PLUDOC

PLUDOC est la plateforme unique et centralisée de gestion des bibliothèques physiques et numériques de Guinée administré par le CEDUST. Elle est la plus grande base de données de ressources documentaires pour les Étudiants, Enseignants chercheurs et Chercheurs de Guinée.

Adresse

627 919 101/664 919 101

25 boulevard du commerce
Kaloum, Conakry, Guinée

Réseaux sociaux

Powered by Netsen Group @ 2025